000 01073nac a22003137a 4500
001 BR2012007550
003 BR-BrBNA
005 20240105123947.0
008 230509b bl.|||m| |||| 00| 0 por d
040 _aBR-BrBNA
_bpor
_cBiblioteca Nacional de Agricultura
072 _aK10; K50; P01
090 _aK10 BR2012007550
100 1 _aCaliman, O.F.
110 1 _aInstituto Capixaba de Pesquisa, Assistência Técnica e Extensão Rural, Vitória, ES (Brasil)
245 1 _aRiqueza de espécies arbóreas nativas produzidas em viveiros do Espírito Santo
260 3 _aVitória, ES (Brasil):
_c2010.
300 _a123 p.
490 _aDocumentos - Instituto Capixaba de Pesquisa, Assistência Técnica e Extensão Rural (Brazil)
_vno. 186
_xISSN 1519-2069
650 _aFLORESTA
650 _aPRODUÇÃO FLORESTAL
650 _aMUDA
650 _aESPÉCIE NATIVA
650 _aMATA
650 _aCONSERVAÇÃO
650 _aVIVEIRO FLORESTAL
650 _aESSÊNCIA FLORESTAL
909 _a202312
_bLúcia Elande
_c55
_dLúcia Elande
942 _2AGRIS
_n0
_cMS
999 _c297735
_d297735